000 00522nam a2200217Ia 4500
003 OSt
005 20220918200758.0
006 a|||||r|||| 00| 0
007 ta
008 220917b |||||||| |||| 00| 0 eng d
024 _a90,153
037 _cTextual
040 _aARTS
_cARTS
_beng
041 _2eng
_aeng
082 _aU6.73, K0
245 0 _aUSA
_b its geography and growth
260 _c1960
650 _aCOMMERCIAL GEOGRAPHY
_91466
942 _hU6.73, K0
_cTEXL
_2CC
999 _c213822
_d213822